| 000 | 02587cam a22003974a 4500 | ||
|---|---|---|---|
| 001 | 13917344 | ||
| 003 | OSt | ||
| 005 | 20210414113931.0 | ||
| 008 | 050331s2005 enk b 001 0 eng | ||
| 010 | _a 2005009332 | ||
| 015 |
_aGBA525788 _2bnb |
||
| 016 | 7 |
_a013147709 _2Uk |
|
| 020 | _a0749444142 (hardback) | ||
| 020 | _a0749443944 (pbk.) | ||
| 035 | _a(OCoLC)ocm58830450 | ||
| 040 |
_aDLC _cDLC _dYDX _dUKM _dBAKER _dDLC |
||
| 042 | _apcc | ||
| 050 | 0 | 0 | _aQA76.9.A25C342 |
| 082 | 0 | 0 |
_a005.8 _222 |
| 100 | 1 |
_aCalder, Alan, _d1957- |
|
| 245 | 1 | 0 |
_aIT governance :a manager's guide to data security and BS 7799/ISO 17799 / _cAlan Calder, Steve Watkins. |
| 250 | _a3rd ed. | ||
| 260 |
_aLondon ; _aSterling, VA : _bKogan Page, _c2005. |
||
| 300 |
_axiv, 368 p. ; _c25cm. |
||
| 504 | _aIncludes bibliographical references (p. [355]-356) and index. | ||
| 505 | _aContents: Introduction: The Information economy -- What is IT governance? -- Information security -- Why is information security necessary?-- The Combined code, the turnbull report and sarbanes-Oxley -- BS 7799 -- Organizing information security -- Information security policy and scope -- The Risk assessment and statement of applicability -- External parties -- Asset management -- Human resources security -- Physical and environmental security -- Equipment security -- Communications and operations management -- Control against malicius software (malware) and back-ups -- Network security management and media handling -- Exchanges of information -- Electronic commerce services -- E-mail and internet use -- Access control -- Network access control -- Operating systems access control -- application access control and teleworking -- Systems acquisition, development and maintenance -- Cryptographic control -- Security in development and support processes -- Monitoring and information security incident management -- Business continuity management -- Compliance -- The BS 7799 audit -- Appendices: Useful websites -- ISO/IEC 17799:2005. | ||
| 650 | 0 | _aComputer security. | |
| 650 | 0 | _aData protection. | |
| 650 | 0 |
_aBusiness enterprises _xComputer networks _xSecurity measures. |
|
| 700 | 1 |
_aWatkins, Steve, _d1970- |
|
| 856 | 4 | 1 |
_3Table of contents _uhttp://www.loc.gov/catdir/toc/ecip0510/2005009332.html |
| 856 | 4 | 2 |
_3Publisher description _uhttp://www.loc.gov/catdir/enhancements/fy0715/2005009332-d.html |
| 906 |
_a7 _bcbc _corignew _d1 _eecip _f20 _gy-gencatlg |
||
| 942 |
_2lcc _cBK |
||
| 999 |
_c786 _d8286 |
||